International Marine's weather predicting simplified : how to read weather charts and satellite images
Αποθηκεύτηκε σε:
| Κύριος συγγραφέας: | |
|---|---|
| Μορφή: | Βιβλίο |
| Γλώσσα: | English |
| Δημοσίευση: |
Camden, Me :
International Marine,
c1999
|
| Θέματα: | |
| Ετικέτες: |
Προσθήκη ετικέτας
Δεν υπάρχουν, Καταχωρήστε ετικέτα πρώτοι!
|
MARC
| LEADER | 00000nam a2200000 i 4500 | ||
|---|---|---|---|
| 001 | 1/54317 | ||
| 008 | 070910s1999 eng d | ||
| 020 | |a 0-07-012031-5 (hbk.) | ||
| 035 | |l 10090539 | ||
| 040 | |a GR-MY-UA |b gre |e aacr | ||
| 041 | 0 | |a eng | |
| 082 | 0 | |a 551.63 |2 (22) | |
| 100 | 1 | |a Carr, Michael William. | |
| 245 | 1 | 0 | |a International Marine's weather predicting simplified : |b how to read weather charts and satellite images / |c Michael William Carr |
| 246 | 3 | 3 | |a Weather predicting simplified |
| 260 | |a Camden, Me : |b International Marine, |c c1999 | ||
| 300 | |a x, 179 σ.; |b σχ., εικ., χάρτες (μερ. έγχρ.); |c 25 εκ. | ||
| 504 | |a Βιβλιογραφία: σ. 169 | ||
| 504 | |a Περιέχει ευρετήριο | ||
| 650 | 0 | 0 | |a Marine meteorology. |
| 650 | 0 | 0 | |a Weather forecasting. |
| 852 | |a INST |b LESVOS |e 20070910 |h 551.63 CAR |p 005100039139 |q 005100039139 |t BK |y 0 | ||
| 901 | |a BIBL1-2007-3 | ||
| 909 | |a Λ |b 138875 | ||
| 922 | |a 1ΕΛΗ |b 200708 |c ΕΠΕΑΕΚ2/ΤΓ |d ΠΑΠΑΣΩΤΗΡΙΟΥ | ||
| 970 | |a ΒΑΡΚΑ |b ΕΛΕΥΘΕΡΙΑ |z 2007/09/10 | ||